Countries With the Best Students in Mathematics - Statistics

General Stats
  • This quiz has been taken 31 times
  • The average score is 11 of 15
Answer Stats
Mean PISA Mathematics Score (2022) Country Continent % Correct
535.6 Japan Asia
90%
474.8 Germany Europe
87%
527.3 South Korea Asia
87%
481.8 Sweden Europe
87%
484.1 Finland Europe
84%
574.7 Singapore Asia
84%
508 Switzerland Europe
84%
489 Poland Europe
77%
492 Ireland Europe
71%
484.5 Slovenia Europe
68%
547.1 Taiwan Asia
68%
487.3 Austria Europe
65%
487 Czechia Europe
65%
509.9 Estonia Europe
65%
475.1 Lithuania Europe
61%
No matching quizzes found
Score Distribution
Percent of People with Each Score
Percentile by Number Answered
Your Score History
You have not taken this quiz